| 000 | 00714nam a2200205Ia 4500 | ||
|---|---|---|---|
| 003 | GCL | ||
| 008 | 140319s9999 xx 000 0 ara d | ||
| 040 |
_aGCL / _cGCL |
||
| 082 | 0 | 4 |
_a921 _bع ى |
| 100 | 1 | _aمحمد عاطف العراقى | |
| 245 | 1 | 0 |
_aيوسف كرم مفكرا عربيا ومورخا للفلسفة (بحوث عنه ودراسات مهداه اليه) / _cمحمد عاطف العراقى |
| 260 |
_a[S.N] : _bالمجلس الاعلى للثقافة ، _c1988 |
||
| 300 | _a586 ص | ||
| 490 | _a | ||
| 650 | 0 | 4 | _aالفلسفة الحديثة |
| 650 | 0 | 4 | _aالفلاسفة |
| 650 | 0 | 4 | _aالفلاسفة العرب |
| 650 | 0 | 4 | _aالفلاسفة المصريون |
| 942 |
_2ddc _cBK |
||
| 999 |
_c27571 _d27571 |
||